000 00707nam a2200289Ia 4500
005 20260324145557.0
008 008 260324s9999 xx 000 0 eng d
020 _a9780429303265
037 _aEBOOK
040 _aCRL
040 _beng
040 _cCRL
041 _2eng
041 _aeng
084 _qCRL
100 _aWilhelm Hankel; Jean Steinberg
_91223446
245 0 _aProsperity Amidst Crisis
245 0 _bAustria's Economic Policy And The Energy Crunch
260 _bTaylor and Francis
260 _c1981
365 _a
365 _b220
856 _uhttp://www.taylorfrancis.com/books/9780429303265
942 _cEBOOK
999 _c1831561
_d1831561